Mobile resource management load balancing strategy

This paper is dealing with mobile resource management that distributes mobile device processes between cloud computing virtual machine and mobile device. Expectation is that mobile device user experience will increase. Load balancing is an important part of mobile resource management. In order to be...

Teljes leírás

Elmentve itt :
Bibliográfiai részletek
Szerzők: Pándi Krisztián
Charaf Hassan
Dokumentumtípus: Cikk
Megjelent: 2015
Sorozat:Acta cybernetica 22 No. 1
Kulcsszavak:Számítógép-hálózat - terheléselosztás, Számítástechnika
Tárgyszavak:
doi:10.14232/actacyb.22.1.2015.11

Online Access:http://acta.bibl.u-szeged.hu/36141
LEADER 01763nab a2200241 i 4500
001 acta36141
005 20220620110822.0
008 161017s2015 hu o 0|| eng d
022 |a 0324-721X 
024 7 |a 10.14232/actacyb.22.1.2015.11  |2 doi 
040 |a SZTE Egyetemi Kiadványok Repozitórium  |b hun 
041 |a eng 
100 1 |a Pándi Krisztián 
245 1 0 |a Mobile resource management load balancing strategy  |h [elektronikus dokumentum] /  |c  Pándi Krisztián 
260 |c 2015 
300 |a 171-181 
490 0 |a Acta cybernetica  |v 22 No. 1 
520 3 |a This paper is dealing with mobile resource management that distributes mobile device processes between cloud computing virtual machine and mobile device. Expectation is that mobile device user experience will increase. Load balancing is an important part of mobile resource management. In order to be able to solve load balancing issues, discussion is made how currently available methods can be adapted to our resource manager. In this article, we investigate load balancing procedures, methods and their customization, with a particular attention on mobile and cloud computing requirements. As a result, we expect that important design aspects will become apparent. Profile based load balancing method is recommended, what combines static and dynamic load balancing strategy. Using profile to identify usage scenario of mobile device can lead to increased system responsiveness, thus experience improvement. 
650 4 |a Természettudományok 
650 4 |a Számítás- és információtudomány 
695 |a Számítógép-hálózat - terheléselosztás, Számítástechnika 
700 0 1 |a Charaf Hassan  |e aut 
856 4 0 |u http://acta.bibl.u-szeged.hu/36141/1/actacyb_22_1_2015_11.pdf  |z Dokumentum-elérés